| 000 | 01285nam a2200325Ia 4500 | ||
|---|---|---|---|
| 001 | ebr10726741 | ||
| 003 | CaPaEBR | ||
| 006 | m o u | ||
| 007 | cr cn||||||||| | ||
| 008 | 130416s2013 njua sb 001 0 eng d | ||
| 010 | _z 2013002857 | ||
| 020 | _z9780470905364 (cloth) | ||
| 020 | _z9781118537039 (ebook) | ||
| 040 |
_aCaPaEBR _cCaPaEBR |
||
| 035 | _a(OCoLC)841039606 | ||
| 050 | 1 | 4 |
_aT57.6 _b.D373 2013eb |
| 082 | 0 | 4 |
_a658.2/101156 _223 |
| 100 | 1 |
_aDaskin, Mark S., _d1952- |
|
| 245 | 1 | 0 |
_aNetwork and discrete location _h[electronic resource] : _bmodels, algorithms, and applications / _cMark S. Daskin. |
| 250 | _a2nd ed. | ||
| 260 |
_aHoboken, NJ : _bJohn Wiley & Sons, Inc., _cc2013. |
||
| 300 |
_axviii, 516 p. : _bill. |
||
| 504 | _aIncludes bibliographical references and index. | ||
| 533 |
_aElectronic reproduction. _bPalo Alto, Calif. : _cebrary, _d2013. _nAvailable via World Wide Web. _nAccess may be limited to ebrary affiliated libraries. |
||
| 650 | 0 |
_aIndustrial location _xMathematical models. |
|
| 650 | 0 | _aLocation problems (Programming) | |
| 655 | 7 |
_aElectronic books. _2local |
|
| 710 | 2 | _aebrary, Inc. | |
| 856 | 4 | 0 |
_uhttp://site.ebrary.com/lib/rucke/Doc?id=10726741 _zAn electronic book accessible through the World Wide Web; click to view |
| 999 |
_c38943 _d38943 |
||